[Event "Druzynowe Mistrzostwa Polski Juniorow 2019 - II Liga"]
[Site "Szczyrk"]
[Date "1899-12-30"]
[Round "2.34"]
[White "Uhryn, Mateusz"]
[Black "Wolski, Michal"]
[Result "1-0"]
[WhiteTitle "II"]
[BlackTitle "II"]
[WhiteElo "1321"]
[BlackElo "1454"]

1. c4 e6 2. Nc3 d5 3. cxd5 exd5 4. d4 c6 5. g3 Bf5 6. Bg2 Nf6 7. Bg5 Be7 8. Nf3
Nbd7 9. O-O O-O 10. Nh4 Be6 11. Nf3 h6 12. Bc1 Bd6 13. b3 Bf5 14. Bb2 Re8 15.
Re1 Ne4 16. Nd2 Nxd2 17. Qxd2 Nf6 18. f3 Bb4 19. e3 Re7 20. Re2 Qd7 21. Rae1 Rae8
22. a3 Bxc3 23. Bxc3 Qc7 24. Bb4 Rd7 25. e4 dxe4 26. fxe4 Bg4 27. Re3 Red8 28.
Bc3 Be6 29. Bb2 Ng4 30. R3e2 Qb6 31. h3 Nf6 32. e5 Nd5 33. b4 Qb5 34. Rf2 Nb6
35. Bf1 Nc4 36. Qf4 Qb6 37. Bxc4 Bxc4 38. g4 Qb5 39. g5 hxg5 40. Qxg5 Bd5 41.
e6 fxe6 42. Ref1 Re8 43. Qg6 Red8 44. Rf7 Qxf1+ 45. Rxf1 Rf8 46. Rxf8+ Kxf8 47.
Qg3 a6 48. Bc1 Kf7 49. Bf4 g6 50. Be5 Be4 51. Qg5 Bf5 52. Qf6+ Ke8 53. Qh8+ Ke7
54. Bf6+ Kd6 55. Qb8+ Kd5 56. Qe5+ Kc4 57. Qc5+ Kd3 58. Kf2 Rf7 59. Qe5 Rd7 60.
d5 Kc4 61. dxe6 Rd2+ 62. Ke1 Rd5 63. Qc3+ Kb5 64. e7 Bd7 65. Qe3 Be8 66. Qe6 Ka4
67. Qg8 Bd7 68. e8=Q Bxe8 69. Qxe8 1-0

[Event "Druzynowe Mistrzostwa Polski Juniorow 2019 - II Liga"]
[Site "Szczyrk"]
[Date "1899-12-30"]
[Round "2.35"]
[White "Trzaskowska, Hanna"]
[Black "Skiba, Aleksandra"]
[Result "1-0"]
[WhiteTitle "I"]
[BlackTitle "I++"]
[WhiteElo "1628"]
[BlackElo "1795"]

1. e4 c5 2. Nf3 Nc6 3. d4 cxd4 4. Nxd4 e5 5. Nb5 d6 6. N1c3 a6 7. Na3 b5 8. Nd5
Nge7 9. Bg5 h6 10. Bxb5 hxg5 11. Nxe7 axb5 12. Nxc6 Qd7 13. Nb4 Ra4 14. c3 d5
15. Qxd5 Bxb4 16. Qxd7+ Bxd7 17. cxb4 Rxb4 18. O-O-O Rxe4 19. Rd5 b4 20. Nb5 Bxb5
21. Rxb5 Ke7 22. f3 Rc4+ 23. Kb1 Kf6 24. Rc1 Rhc8 25. Rxc4 Rxc4 26. a4 bxa3 27.
bxa3 g4 28. Rb4 Rc3 29. Kb2 Rd3 30. Rxg4 g5 31. a4 Rd2+ 32. Kb3 Rd3+ 33. Kb4 Ke6
34. Rxg5 Rd4+ 35. Kb3 f5 36. Rg8 Rd3+ 37. Kb4 Rd4+ 38. Kb3 Rd3+ 39. Kc2 Ra3 40.
Ra8 Ra2+ 41. Kd3 Rxg2 42. a5 Rxh2 43. a6 Rh4 44. a7 Ra4 45. Ke2 Ra2+ 46. Kd1 Ra1+
47. Kc2 Ra2+ 48. Kb1 Rxa7 49. Rxa7 Kd5 50. Kc2 Kd4 51. Kd2 e4 52. Ra4+ Ke5 53.
fxe4 fxe4 54. Ke3 1-0

[Event "Druzynowe Mistrzostwa Polski Juniorow 2019 - II Liga"]
[Site "Szczyrk"]
[Date "1899-12-30"]
[Round "2.36"]
[White "Luniewska, Daria"]
[Black "Moscicka, Alicja"]
[Result "1-0"]
[WhiteTitle "II+"]
[BlackTitle "II"]
[WhiteElo "1335"]
[BlackElo "1000"]

1. d4 Nf6 2. Nf3 e6 3. Bf4 Nc6 4. e3 Be7 5. Nbd2 O-O 6. c3 b6 7. Bd3 Bb7 8. Bg5
Nd5 9. Bxe7 Ncxe7 10. Ng5 Nf5 11. Ngf3 Nd6 12. Ne5 Nf6 13. Ng4 Bxg2 14. Rg1 Bb7
15. Nxf6+ Qxf6 16. Qg4 Qh6 17. O-O-O Kh8 18. f4 f5 19. Qe2 Rae8 20. Rg5 g6 21.
Rdg1 Nf7 22. R5g3 Rg8 23. Qf1 Qg7 24. h4 Qf6 25. Qh3 d6 26. h5 g5 27. e4 fxe4
28. Bxe4 Bxe4 29. Nxe4 Qxf4+ 30. Nd2 Qh4 31. Qf1 Qxh5 32. Ne4 Ref8 33. Qf6+ Rg7
34. Rxg5 Nxg5 35. Qxf8+ Rg8 36. Qf6+ Rg7 37. Rxg5 Qf7 38. Qd8+ Qg8 39. Qxg8+ Rxg8
40. Rxg8+ Kxg8 41. Ng5 e5 42. dxe5 dxe5 43. Kd2 h5 44. Ke3 Kg7 45. Ke4 Kf6 46.
Nf3 c5 47. c4 a6 48. b3 b5 49. a4 b4 50. Nxe5 Kg5 51. Kf3 h4 52. Nd3 Kf5 53. Nxc5
a5 54. Nb7 Ke5 55. Kg4 Kd4 56. Kxh4 Kc3 57. Nxa5 Kd4 58. Nc6+ Kc3 59. Nxb4 Kxb3
60. a5 Kxb4 61. a6 Kxc4 62. a7 1-0

[Event "Druzynowe Mistrzostwa Polski Juniorow 2019 - II Liga"]
[Site "Szczyrk"]
[Date "1899-12-30"]
[Round "2.37"]
[White "Kucharski, Bartlomiej"]
[Black "Hrymowicz, Artur"]
[Result "1/2-1/2"]
[WhiteTitle "I++"]
[BlackTitle "I++"]
[WhiteElo "1952"]
[BlackElo "2052"]

1. d4 Nf6 2. c4 b6 3. Nc3 Bb7 4. f3 d5 5. cxd5 Nxd5 6. Nxd5 Qxd5 7. e4 Qd7 8. Be3
Nc6 9. Bc4 e5 10. Ne2 exd4 11. Nxd4 Nxd4 12. Qxd4 Qxd4 13. Bxd4 Bb4+ 14. Ke2 O-O
15. Rhd1 Rfd8 16. Be5 Rac8 17. Rac1 Kf8 18. Rxd8+ Rxd8 19. a3 Bd6 20. Rd1 f6 21.
Bxd6+ cxd6 22. Bb3 Ke7 23. Rc1 d5 24. exd5 Bxd5 25. Bxd5 Rxd5 26. Rc7+ Rd7 27.
Rxd7+ Kxd7 28. Kd3 Kd6 29. Kc4 Kc6 30. a4 a6 31. b4 b5+ 32. axb5+ axb5+ 33. Kd4
Kd6 34. Ke4 Ke6 1/2-1/2

[Event "Druzynowe Mistrzostwa Polski Juniorow 2019 - II Liga"]
[Site "Szczyrk"]
[Date "1899-12-30"]
[Round "2.38"]
[White "Jordan, Adam"]
[Black "Wolak, Kamil"]
[Result "1-0"]
[WhiteTitle "I+"]
[BlackTitle "I"]
[WhiteElo "1974"]
[BlackElo "1619"]

1. d4 d5 2. Nf3 e6 3. Bf4 c6 4. e3 f5 5. c4 Bd6 6. Bxd6 Qxd6 7. Ne5 Nf6 8. Nd2
O-O 9. Be2 Nbd7 10. Ndf3 Ne4 11. O-O g5 12. c5 Qe7 13. Nxd7 Bxd7 14. Bd3 g4 15.
Bxe4 gxf3 16. Bxf3 Rf6 17. g3 Kh8 18. b4 Rg8 19. Kh1 h5 20. h4 f4 21. Bg2 f3 22.
Bxf3 Qf7 23. Bg2 Be8 24. Qd2 Rf8 25. Kg1 Qg7 26. Rae1 Bg6 27. e4 dxe4 28. Bxe4
Bxe4 29. Rxe4 Qg6 30. Re5 Rxf2 31. Rxf2 Qxg3+ 32. Rg2 1-0

[Event "Druzynowe Mistrzostwa Polski Juniorow 2019 - II Liga"]
[Site "Szczyrk"]
[Date "1899-12-30"]
[Round "2.39"]
[White "Bartuzi, Krzysztof"]
[Black "Taranowicz, Michal"]
[Result "0-1"]
[WhiteTitle "II+"]
[BlackTitle "I"]
[WhiteElo "1392"]
[BlackElo "1630"]

1. d4 Nf6 2. e3 e6 3. f4 b6 4. Nf3 Bb7 5. Bd3 Be7 6. O-O O-O 7. Qe2 c5 8. c3 Ne4
9. Nbd2 f5 10. a4 a5 11. Bc2 Rf6 12. Nxe4 fxe4 13. Nd2 d5 14. b3 cxd4 15. exd4
Bd6 16. Qe3 Qc7 17. g3 Nc6 18. Bd1 Raf8 19. Bb2 e5 20. fxe5 Rxf1+ 21. Nxf1 Nxe5
22. Be2 Nf3+ 23. Kg2 Qd7 24. Nd2 Bc8 25. Nxf3 Qh3+ 26. Kg1 exf3 27. Bxf3 Kh8 28.
Bxd5 Qh5 29. Bg2 Re8 30. Qf3 Bg4 31. Qd5 Qh6 32. Rf1 Qe3+ 33. Kh1 Be2 34. Rc1
Qf2 35. Qc6 Bh5 36. Ba1 Re1+ 0-1

[Event "Druzynowe Mistrzostwa Polski Juniorow 2019 - II Liga"]
[Site "Szczyrk"]
[Date "1899-12-30"]
[Round "2.40"]
[White "Kitewski, Bartosz"]
[Black "Bartuzi, Michal"]
[Result "1-0"]
[WhiteTitle "II"]
[BlackTitle "II+"]
[WhiteElo "1447"]
[BlackElo "1193"]

1. d4 d5 2. c4 c6 3. Nc3 e6 4. e3 Nf6 5. Nf3 Be7 6. Bd3 dxc4 7. Bxc4 O-O 8. O-O
b5 9. Bd3 Bb7 10. a3 Nbd7 11. b4 Qc7 12. Bb2 Bd6 13. Rc1 Qb8 14. Re1 e5 15. Ne4
Nxe4 16. Bxe4 Qc7 17. Qc2 exd4 18. Bxd4 Ne5 19. Bxh7+ Kh8 20. Ng5 Nc4 21. Bg8
f5 22. Bxc4 bxc4 23. Qe2 Rf6 24. Qh5+ Kg8 25. Qh7+ Kf8 26. Qh8+ Ke7 27. Qxg7+
Ke8 28. Qxc7 Bxc7 29. Bxf6 Kd7 30. Red1+ Kc8 31. Rxc4 Bb6 32. Rh4 c5 33. Rh8+
1-0

[Event "Druzynowe Mistrzostwa Polski Juniorow 2019 - II Liga"]
[Site "Szczyrk"]
[Date "1899-12-30"]
[Round "2.41"]
[White "Mirowska, Oliwia"]
[Black "Bohdanowicz, Nikola"]
[Result "1-0"]
[WhiteTitle "I++"]
[BlackTitle "I"]
[WhiteElo "1735"]
[BlackElo "1266"]

1. d4 d5 2. Bf4 e6 3. e3 Nf6 4. Nf3 c6 5. Nbd2 Bd6 6. Bg3 Bxg3 7. hxg3 Nbd7 8.
Bd3 c5 9. c3 b6 10. Ne5 h6 11. g4 Nxe5 12. dxe5 Nd7 13. f4 Ke7 14. Qf3 f6 15.
exf6+ Nxf6 16. O-O-O Bd7 17. e4 d4 18. cxd4 cxd4 19. Nc4 Qc7 20. Kb1 Bc6 21. Ne5
Rhd8 22. Rc1 Rd6 23. g5 Nd7 24. Nc4 Nc5 25. Nxd6 Qxd6 26. g3 hxg5 27. Rh7 Rg8
28. fxg5 Qe5 29. Re1 Rf8 30. Qe2 Qxg5 31. Rh3 Qg6 32. Bc2 e5 33. b4 Nd7 34. Ka1
Qd6 35. Qc4 Rf3 36. Bb3 d3 37. Rh7 Qf6 38. Rd1 b5 39. Qg8 Rxg3 40. Rh8 Qf8 41.
Qe6+ Kd8 42. Rxf8+ Kc7 43. Rc8+ Kxc8 44. Qxc6+ Kd8 45. Be6 Nb6 46. Qd6+ Ke8 47.
Rh1 Rf3 48. Rh8+ Rf8 49. Rxf8# 1-0

[Event "Druzynowe Mistrzostwa Polski Juniorow 2019 - II Liga"]
[Site "Szczyrk"]
[Date "1899-12-30"]
[Round "2.42"]
[White "Filipiak, Magdalena"]
[Black "Hals, Emilia"]
[Result "1-0"]
[WhiteTitle "I"]
[BlackTitle "I"]
[WhiteElo "1168"]
[BlackElo "1346"]

1. e4 c6 2. Nf3 d5 3. exd5 cxd5 4. d4 Nf6 5. Nc3 Nc6 6. Be2 Bg4 7. h3 Bh5 8. Bf4
a6 9. Qd2 e6 10. a3 Rc8 11. O-O Be7 12. Rac1 O-O 13. Qe3 Na5 14. Ne5 Bxe2 15.
Qxe2 h6 16. Qf3 Qb6 17. b4 Nc4 18. Nxc4 Rxc4 19. Ne2 Ne4 20. Qg4 Kh7 21. f3 Nc3
22. Nxc3 Rxc3 23. Rfd1 Rxa3 24. c3 Rc8 25. Qh5 Rf8 26. g4 g5 27. Bd2 Qd6 28. f4
f6 29. h4 gxf4 30. Rf1 e5 31. dxe5 fxe5 32. g5 Qg6 33. Qg4 hxg5 34. Kf2 e4 35.
Rh1 gxh4 36. Rxh4+ Bxh4+ 37. Qxh4+ Qh6 38. Qe7+ Qg7 39. Rh1+ Kg8 40. Rg1 Rf7 41.
Rxg7+ Rxg7 42. Qe8+ Kh7 43. Qh5+ Kg8 44. Qxd5+ Rf7 45. Qg5+ Kf8 46. Qd8+ Kg7 47.
Qd4+ Kf8 48. Qxe4 Ra2 49. Qd5 Rb2 50. Kf3 Rb1 51. Qd6+ Kg7 52. Kg2 f3+ 53. Kf2
Rh1 54. c4 Kg8 55. Bc3 Kh7 56. Qd3+ Kh6 57. Qd6+ Kh7 58. Qe5 Kg6 59. Qe6+ 1-0

[Event "Druzynowe Mistrzostwa Polski Juniorow 2019 - II Liga"]
[Site "Szczyrk"]
[Date "1899-12-30"]
[Round "2.43"]
[White "Piekielny, Pawel"]
[Black "Burdzicki, Jan"]
[Result "1-0"]
[WhiteTitle "I++"]
[BlackTitle "II+"]
[WhiteElo "1985"]
[BlackElo "1717"]

1. e4 c6 2. d4 d5 3. Nc3 dxe4 4. Nxe4 Nf6 5. Nxf6+ exf6 6. c3 Bd6 7. Bd3 O-O 8.
Qc2 Re8+ 9. Ne2 h5 10. Be3 Nd7 11. O-O-O Nf8 12. Ng3 Be6 13. Kb1 b5 14. Nf5 Bc7
15. g4 h4 16. h3 Bd5 17. Rhg1 Ne6 18. Nxh4 Bh2 19. Rge1 Ng5 20. Bxg5 fxg5 21.
Nf5 Bf3 22. Rxe8+ Qxe8 23. Rc1 Bf4 24. Ne3 Qe6 25. Re1 Re8 26. b3 Qh6 27. Ng2
Rxe1+ 28. Nxe1 Bd5 29. Qe2 Qe6 30. Qxe6 Bxe6 31. Kc2 Kf8 32. Be4 Bd7 33. Nd3 Bd6
34. Kd2 g6 35. b4 Ke7 36. Bf3 Ke6 37. Kc2 Ke7 38. d5 cxd5 39. Bxd5 Be6 40. Bb3
Kd7 41. Ne1 a6 42. Nf3 Bf4 43. Nd4 Be5 44. Bxe6+ fxe6 45. Kd3 Kd6 46. c4 bxc4+
47. Kxc4 Bf6 48. Nf3 e5 49. Nd2 Kc6 50. Ne4 Be7 51. a4 Bd8 52. b5+ axb5+ 53. axb5+
Kb6 54. Nc3 Kc7 55. Kd5 Kd7 56. Kxe5 Bb6 57. f3 Ba5 58. Ne4 Ke7 59. Nxg5 Bd2 60.
Ne4 1-0

[Event "Druzynowe Mistrzostwa Polski Juniorow 2019 - II Liga"]
[Site "Szczyrk"]
[Date "1899-12-30"]
[Round "2.44"]
[White "Burdzicki, Stanislaw"]
[Black "Golinski, Kacper"]
[Result "1-0"]
[WhiteTitle "I"]
[BlackTitle "I"]
[WhiteElo "1660"]
[BlackElo "1761"]

1. e4 e5 2. Nf3 Nf6 3. Nxe5 d6 4. Nf3 Nxe4 5. Nc3 Nxc3 6. dxc3 Be7 7. Be3 Nc6 8.
Qd2 a6 9. O-O-O Be6 10. h4 h6 11. Nd4 Nxd4 12. Bxd4 Bf6 13. Kb1 Bxd4 14. Qxd4
Qf6 15. Qxf6 gxf6 16. Rd4 Rg8 17. g3 Ke7 18. Bg2 c6 19. Re1 f5 20. Bh3 c5 21.
Rd3 f4 22. gxf4 Kd7 23. Bxe6+ fxe6 24. Red1 d5 25. c4 Rg4 26. h5 Rxf4 27. cxd5
e5 28. Rg3 Raf8 29. Rg6 R8f6 30. Rg7+ Rf7 31. Rg6 R4f6 32. Rdg1 Rxf2 33. b3 Rf1+
34. Rxf1 Rxf1+ 35. Kb2 e4 36. Rxh6 Rf2 37. Re6 Rd2 38. Re5 Kd6 39. Rxe4 Rh2 40.
Re6+ Kxd5 41. Rb6 Rxh5 42. Rxb7 Kc6 43. Rg7 Rh2 44. Rg6+ Kb5 45. a3 Rh3 46. a4+
Ka5 47. Rc6 Rh5 48. Ka3 Rg5 49. c3 Rg3 50. Rxc5+ Kb6 51. b4 Rh3 52. Kb3 Rh4 53.
Rc4 Rh3 54. Rg4 Rh6 55. Rg7 Rh3 56. Rg6+ Kb7 57. b5 1-0

[Event "Druzynowe Mistrzostwa Polski Juniorow 2019 - II Liga"]
[Site "Szczyrk"]
[Date "1899-12-30"]
[Round "2.45"]
[White "Szymczak, Krzysztof"]
[Black "Kaliszuk, Kamil"]
[Result "0-1"]
[WhiteTitle "II"]
[BlackTitle "I"]
[WhiteElo "1157"]
[BlackElo "1834"]

1. d4 Nf6 2. c4 c5 3. e3 g6 4. Nf3 Bg7 5. Nc3 O-O 6. Bd3 d6 7. h3 Nc6 8. a3 e5
9. dxe5 dxe5 10. Qc2 Ne8 11. O-O f5 12. Rd1 Qc7 13. Nd5 Qb8 14. e4 Nd6 15. Be3
b6 16. Qa4 Bb7 17. Ng5 Re8 18. Qc2 f4 19. Bd2 Nd4 20. Qc3 h6 21. Nf3 Nxe4 22.
Qc1 Nxd2 23. Nxd2 e4 24. Bf1 e3 25. fxe3 fxe3 26. Nf3 Nxf3+ 27. gxf3 e2 28. Re1
exf1=Q+ 29. Kxf1 Bxd5 30. cxd5 Qg3 31. Qc4 Qxf3+ 32. Kg1 Bd4+ 33. Kh2 Qf2+ 34.
Kh1 Rxe1+ 35. Rxe1 Qxe1+ 36. Kg2 Qf2+ 37. Kh1 Qg1# 0-1

[Event "Druzynowe Mistrzostwa Polski Juniorow 2019 - II Liga"]
[Site "Szczyrk"]
[Date "1899-12-30"]
[Round "2.46"]
[White "Binek, Dawid"]
[Black "Lamek, Dawid"]
[Result "1-0"]
[WhiteTitle "II"]
[BlackTitle "II"]
[WhiteElo "1322"]
[BlackElo "1070"]

1. d4 d5 2. c4 e6 3. Nc3 Nf6 4. Nf3 c5 5. cxd5 exd5 6. Bg5 cxd4 7. Qxd4 Be7 8.
Rd1 Be6 9. g3 h6 10. Bxf6 Bxf6 11. Qa4+ Nc6 12. Qb3 Bxc3+ 13. Qxc3 O-O 14. Bg2
Qa5 15. Qxa5 Nxa5 16. Rc1 Rac8 17. O-O Nc4 18. b3 Nb6 19. Nd4 Rxc1 20. Rxc1 Rc8
21. Rxc8+ Nxc8 22. Nb5 a6 23. Nc3 Nb6 24. f4 Kf8 25. Kf2 d4 26. Ne4 Bd5 27. Nc5
Bxg2 28. Kxg2 Nd5 29. Nxb7 Nc3 30. Nc5 a5 31. Nb7 Nxe2 32. Nxa5 Nc3 33. Kf3 Ke8
34. Nc6 d3 35. Ke3 Nxa2 36. Kxd3 Nc1+ 37. Kc4 Kd7 38. Ne5+ Ke6 39. b4 f6 40. Nd3
Ne2 41. b5 Kd6 42. Nb4 Kc7 43. Kc5 Kb7 44. Nd5 Ng1 45. Ne7 Nf3 46. h4 Nd2 47.
Nf5 g6 48. Nd6+ Kb8 49. b6 Nf1 50. g4 Ne3 51. Kc6 Nxg4 52. b7 g5 53. Nc4 gxf4
54. Nd2 Ne5+ 55. Kd5 f3 56. Ke6 Ng4 57. Nxf3 Kxb7 58. Kf5 h5 59. Kg6 Kc7 60. Kxh5
f5 61. Kg5 Kd6 62. Kxf5 Nh6+ 63. Kg6 Ng8 64. h5 Ke7 65. Kg7 Nf6 66. h6 Ne8+ 67.
Kg6 Nf6 68. Ne5 Kf8 69. Kxf6 Kg8 70. Kg6 Kh8 71. Nf7+ 1-0

[Event "Druzynowe Mistrzostwa Polski Juniorow 2019 - II Liga"]
[Site "Szczyrk"]
[Date "1899-12-30"]
[Round "2.47"]
[White "Jedras, Adrianna"]
[Black "Orlik, Sandra"]
[Result "1/2-1/2"]
[WhiteTitle "I"]
[BlackTitle "I++"]
[WhiteElo "1367"]
[BlackElo "1805"]

1. e4 c5 2. Nf3 a6 3. d4 cxd4 4. Nxd4 Nf6 5. Bd3 e5 6. Nf3 Qc7 7. Nc3 Bb4 8. Bd2
d6 9. Nd5 Nxd5 10. exd5 Qb6 11. c4 Bc5 12. O-O Qxb2 13. Ng5 g6 14. Ne4 f5 15.
Nxc5 dxc5 16. Qe1 Nd7 17. Bc3 Qa3 18. Bxe5 O-O 19. Qc3 Qxc3 20. Bxc3 b5 21. cxb5
Nb6 22. Ba5 Nxd5 23. Bc4 Be6 24. bxa6 Nc7 25. Bxc7 Bxc4 26. Rfc1 Rfc8 27. Rxc4
Rxc7 28. Rac1 Rxa6 29. Rxc5 Rxc5 30. Rxc5 Rxa2 31. g3 1/2-1/2

[Event "Druzynowe Mistrzostwa Polski Juniorow 2019 - II Liga"]
[Site "Szczyrk"]
[Date "1899-12-30"]
[Round "2.48"]
[White "Bienek, Magdalena"]
[Black "Golinska, Patrycja"]
[Result "1-0"]
[WhiteTitle "II"]
[BlackTitle "I"]
[WhiteElo "1104"]
[BlackElo "1197"]

1. e4 e5 2. Nf3 Nc6 3. Bc4 Nf6 4. d3 h6 5. c3 d6 6. O-O Bg4 7. h3 Bh5 8. Re1 Be7
9. Nbd2 O-O 10. Nf1 d5 11. exd5 Nxd5 12. Ng3 Bxf3 13. Qxf3 Nb6 14. Bb3 Bg5 15.
Nf5 Bxc1 16. Raxc1 Qg5 17. Rcd1 Rad8 18. Re4 Qf6 19. Rg4 Ne7 20. Nxe7+ Qxe7 21.
Qxb7 a5 22. Qf3 Rd6 23. Qg3 Qf6 24. d4 exd4 25. Rdxd4 Rxd4 26. Rxd4 Qe7 27. Qh4
Qe1+ 28. Kh2 Qe5+ 29. Qf4 Qe7 30. Qe4 Qf6 31. Bc2 g6 32. Qf4 Qxf4+ 33. Rxf4 Re8
34. Bb3 Re7 35. Kg3 Kg7 36. Kf3 f5 37. g4 fxg4+ 38. hxg4 g5 39. Re4 Rd7 40. Ke3
Kf6 41. Re6+ Kg7 42. Re5 a4 43. Bc2 Nc4+ 44. Ke4 Nxe5 45. Kxe5 Rd2 46. Bxa4 Rxb2
47. Bb3 Rxf2 48. a4 Rf3 49. Kd4 Rf4+ 50. Kc5 Rxg4 51. a5 Rf4 52. a6 Rf8 53. Bd5
g4 54. a7 Kf6 55. a8=Q Rxa8 56. Bxa8 Ke7 57. Kd4 Ke6 58. Ke4 Kf6 59. Kf4 h5 60.
c4 c5 61. Bc6 Kg6 62. Be8+ Kf6 63. Bxh5 g3 64. Bf3 Ke6 65. Ke4 Kd6 66. Kf5 Kd7
67. Ke5 Kc7 68. Kd5 Kb6 69. Kd6 Ka7 70. Kxc5 Kb8 71. Kd6 Kc8 72. Kc6 Kb8 73. Kd7
Ka7 74. c5 Kb8 75. c6 1-0

[Event "Druzynowe Mistrzostwa Polski Juniorow 2019 - II Liga"]
[Site "Szczyrk"]
[Date "1899-12-30"]
[Round "2.49"]
[White "Swiech, Lukasz"]
[Black "Kijkowski, Michal"]
[Result "0-1"]
[WhiteTitle "II"]
[BlackTitle "I"]
[WhiteElo "1625"]
[BlackElo "1789"]

1. d4 Nf6 2. Nc3 d5 3. Bf4 e6 4. Nb5 Na6 5. e3 c6 6. Nc3 Nc7 7. Nf3 Bd6 8. Bd3
Bxf4 9. exf4 Qd6 10. Ne5 Qb4 11. O-O Qxb2 12. Qd2 Nd7 13. Rab1 Qa3 14. Nf3 O-O
15. Qe3 f5 16. Rb3 Qd6 17. Re1 h6 18. Na4 b6 19. Nb2 c5 20. c4 Bb7 21. Ne5 Nxe5
22. fxe5 Qc6 23. Qg3 cxd4 24. cxd5 Qxd5 25. Bc4 Qd7 26. Qf4 b5 27. Be2 Rfd8 28.
Rg3 Kh8 29. Nd3 Qe7 30. Rg6 Be4 31. Qg3 Nd5 32. Nf4 Nxf4 33. Qxf4 d3 34. Bd1 d2
35. Re3 Rd3 36. Rxd3 Bxd3 37. Qxd2 Rd8 38. Bb3 Bc4 39. Qc3 Rd3 40. Qc2 Qb4 41.
h3 Qe1+ 42. Kh2 Qxe5+ 43. Rg3 Rxg3 44. fxg3 f4 45. gxf4 Qxf4+ 46. Kg1 e5 47. Qg6
e4 48. Qe8+ Kh7 49. Bd1 Qf1+ 50. Kh2 Qxd1 51. Qxe4+ Kh8 52. Qa8+ Bg8 53. Qxa7
Qd6+ 54. Kg1 Qd5 55. a3 Kh7 56. Qe3 Be6 57. Qg3 Bf5 58. Qe3 Qd3 59. Qc5 Be4 60.
Qb4 Qc2 0-1

[Event "Druzynowe Mistrzostwa Polski Juniorow 2019 - II Liga"]
[Site "Szczyrk"]
[Date "1899-12-30"]
[Round "2.50"]
[White "Budny, Piotr"]
[Black "Owoc, Jakub"]
[Result "0-1"]
[WhiteTitle "II"]
[BlackTitle "II"]
[WhiteElo "1426"]
[BlackElo "1614"]

1. Nf3 g6 2. g3 Bg7 3. Bg2 Nf6 4. c4 c5 5. Nc3 Nc6 6. O-O e6 7. d4 cxd4 8. Nxd4
O-O 9. Ndb5 a6 10. Nd6 Ne8 11. Nce4 Nxd6 12. Nxd6 Qc7 13. Rb1 Nd4 14. c5 Qxc5
15. Nxb7 Bxb7 16. Bxb7 Ra7 17. Bg2 d5 18. Qd3 Qb5 19. Qxb5 axb5 20. e3 Ne2+ 21.
Kh1 Nxc1 22. Rfxc1 Rxa2 23. Kg1 b4 24. b3 Bc3 25. Bf1 Rfa8 26. Bb5 R8a3 27. Ba4
Re2 28. Bb5 Rd2 29. Rf1 e5 30. h4 f5 31. Bc6 d4 32. Rfd1 d3 33. Rxd2 Bxd2 34.
Rd1 Ra2 35. Bd5+ Kg7 36. Kf1 e4 37. Bc4 Kh6 38. Bg8 Bc3 39. Rb1 Rc2 40. Bc4 Kh5
41. Bg8 Kg4 42. Bxh7 Kf3 43. Bxg6 Rxf2+ 44. Kg1 Rg2+ 45. Kf1 Rxg3 46. Bxf5 Kxe3
47. Be6 Kf4 48. Rd1 Bd4 0-1

[Event "Druzynowe Mistrzostwa Polski Juniorow 2019 - II Liga"]
[Site "Szczyrk"]
[Date "1899-12-30"]
[Round "2.51"]
[White "Krupinski, Mikolaj"]
[Black "Nawalaniec, Adam"]
[Result "1-0"]
[WhiteTitle "II"]
[BlackTitle "II"]
[WhiteElo "1510"]
[BlackElo "1318"]

1. e4 e5 2. Nf3 Nc6 3. Bc4 Bc5 4. c3 d6 5. O-O Bg4 6. h3 Bh5 7. d3 Nf6 8. Re1 O-O
9. Nbd2 Bg6 10. Nf1 Kh8 11. Ng3 Nd7 12. Be3 h6 13. Qd2 Bxe3 14. fxe3 f5 15. exf5
Bxf5 16. Nxf5 Rxf5 17. Rf1 Nb6 18. Bb3 Qe7 19. Rf2 Raf8 20. Raf1 d5 21. Bc2 e4
22. dxe4 dxe4 23. Nh4 Rxf2 24. Rxf2 Rxf2 25. Qxf2 Qf6 26. Bxe4 Qxf2+ 27. Kxf2
Na4 28. Ng6+ Kg8 29. Bd5+ Kh7 30. Nf8+ Kh8 31. Ke2 Nxb2 32. Bb3 a5 33. Kd2 Ne5
34. Ne6 a4 35. Bc2 c6 36. e4 Nbc4+ 37. Ke2 b5 38. Bd3 Nb6 39. Ke3 Kg8 40. Kd4
Nbd7 41. Be2 Kf7 42. Nc5 Nxc5 43. Kxe5 Nb3 44. Kd6 Nc1 45. Bg4 Nxa2 46. Be6+ Kg6
47. Bxa2 1-0

[Event "Druzynowe Mistrzostwa Polski Juniorow 2019 - II Liga"]
[Site "Szczyrk"]
[Date "1899-12-30"]
[Round "2.52"]
[White "Klim, Juliusz"]
[Black "Wiszniewski, Szymon"]
[Result "0-1"]
[WhiteTitle "II"]
[BlackTitle "II+"]
[WhiteElo "1220"]
[BlackElo "1473"]

1. e4 c5 2. Nf3 d6 3. d4 cxd4 4. Nxd4 Nf6 5. Nc3 a6 6. Be2 e5 7. Nb3 Be7 8. Bg5
Nbd7 9. O-O O-O 10. Bxf6 Nxf6 11. a4 Be6 12. f4 exf4 13. Rxf4 Rc8 14. Qd2 Bxb3
15. cxb3 Qb6+ 16. Kh1 Qxb3 17. Raf1 Qe6 18. h3 Rc5 19. Bg4 Nxg4 20. Rxg4 Rh5 21.
Qf4 f5 22. exf5 Rhxf5 23. Rxg7+ Kxg7 24. Qg4+ Kh8 25. Qd4+ Bf6 26. Rxf5 Bxd4 0-1

[Event "Druzynowe Mistrzostwa Polski Juniorow 2019 - II Liga"]
[Site "Szczyrk"]
[Date "1899-12-30"]
[Round "2.53"]
[White "Surpeta, Julia"]
[Black "Michalska, Aleksandra"]
[Result "1/2-1/2"]
[WhiteTitle "I++"]
[BlackTitle "I++"]
[WhiteElo "1564"]
[BlackElo "1741"]

1. c4 e5 2. Nc3 c5 3. g3 Nc6 4. Bg2 g6 5. a3 Bg7 6. b4 d6 7. bxc5 dxc5 8. Rb1 Nge7
9. Nf3 O-O 10. d3 Rb8 11. O-O h6 12. Ne1 Be6 13. Bd2 Kh7 14. Nc2 Qc8 15. Re1 f5
16. Nd5 Rd8 17. Nce3 g5 18. Nc3 e4 19. Ned5 Bxc3 20. Nxe7 Nxe7 21. Bxc3 Nc6 22.
Qc2 Nd4 23. Qa4 a6 24. Rb6 Qc7 25. Ba5 Qf7 26. Qd1 Rd7 27. Qb1 Rf8 28. Bc3 Re7
29. Qb2 Rd7 30. Bxd4 cxd4 31. Rb1 1/2-1/2

[Event "Druzynowe Mistrzostwa Polski Juniorow 2019 - II Liga"]
[Site "Szczyrk"]
[Date "1899-12-30"]
[Round "2.54"]
[White "Dzierzgowska, Jagoda"]
[Black "Bar, Klaudia"]
[Result "0-1"]
[WhiteTitle "II+"]
[BlackTitle "I"]
[WhiteElo "1000"]
[BlackElo "1512"]

1. d4 Nf6 2. Nf3 g6 3. c4 Bg7 4. Nc3 d6 5. e4 O-O 6. Be2 Na6 7. Be3 e5 8. d5 Nc5
9. Qc2 Nh5 10. b4 Nd7 11. Qd2 Nf4 12. Bxf4 exf4 13. Rc1 g5 14. h4 g4 15. Nh2 Qxh4
16. Bxg4 Ne5 17. Bxc8 Raxc8 18. Qe2 Bh6 19. Rd1 f3 20. gxf3 Bf4 21. Rg1+ Ng6 22.
Ng4 h5 23. Ne3 Qf6 24. Rd3 h4 25. Ng4 Qh8 26. Kd1 Kh7 27. Ne3 Rg8 28. Qe1 Ne5
29. Rxg8 Rxg8 30. Rd4 Nxf3 31. Qe2 Qxd4+ 32. Kc2 Qf6 33. Qxf3 Bg5 34. Qh5+ Bh6
35. Qe2 h3 36. Ng4 Qh4 37. f3 Bf4 38. Qf1 h2 39. Qh1 Rh8 40. Ne2 Be5 41. Kd3 Kg7
42. Kd2 Qg5+ 43. Kd1 Rh4 44. f4 Bxf4 45. Nxf4 Qxg4+ 46. Ne2 Qxe4 47. Qxe4 Rxe4
48. Ng3 Rg4 49. Nf5+ Kf6 50. Ne3 h1=Q+ 51. Ke2 Qh2+ 52. Kd3 Rg3 53. Ke4 Qh4+ 54.
Kd3 Rxe3+ 55. Kxe3 Ke5 56. a4 Qg3+ 57. Ke2 Ke4 58. a5 Qg2+ 59. Ke1 Ke3 60. a6
Qg1# 0-1

[Event "Druzynowe Mistrzostwa Polski Juniorow 2019 - II Liga"]
[Site "Szczyrk"]
[Date "1899-12-30"]
[Round "2.55"]
[White "Trybus, Daniel"]
[Black "Kania, Dominik"]
[Result "0-1"]
[WhiteTitle "I++"]
[BlackTitle "I"]
[WhiteElo "1957"]
[BlackElo "1948"]

1. Nf3 d6 2. e4 e5 3. d4 Nd7 4. Bc4 c6 5. O-O Be7 6. Qe2 Ngf6 7. Rd1 Qc7 8. c3
b5 9. Bb3 Bb7 10. Nh4 O-O 11. Nf5 Rfe8 12. g4 d5 13. exd5 Nxd5 14. Nxe7+ Rxe7
15. Bxd5 cxd5 16. f4 Rae8 17. dxe5 f6 18. Qxb5 fxe5 19. f5 a6 20. Qe2 Qc5+ 21.
Qf2 d4 22. h3 Qc6 23. Kh2 e4 24. Bg5 e3 25. Qg3 e2 26. Re1 Re3 27. Qf2 Ne5 28.
Bxe3 Nf3+ 29. Kg3 dxe3 30. Qxe2 Qd6+ 31. Kg2 Qh2+ 0-1

[Event "Druzynowe Mistrzostwa Polski Juniorow 2019 - II Liga"]
[Site "Szczyrk"]
[Date "1899-12-30"]
[Round "2.56"]
[White "Gardian, Adam"]
[Black "Sloniewski, Michal"]
[Result "1/2-1/2"]
[WhiteTitle "I"]
[BlackTitle "I"]
[WhiteElo "1770"]
[BlackElo "1744"]

1. Nf3 Nf6 2. c4 g6 3. b3 Bg7 4. Bb2 O-O 5. g3 c6 6. Bg2 d5 7. O-O Nbd7 8. d4 Ne4
9. Ne1 e5 10. cxd5 cxd5 11. Nf3 Qc7 12. Qc1 Qb8 13. Rd1 exd4 14. Bxd4 Ne5 15.
Qb2 Nxf3+ 16. Bxf3 Bxd4 17. Qxd4 Be6 18. Nd2 Ng5 19. Bg2 Rd8 20. Qf6 Ne4 21. Bxe4
dxe4 22. Nxe4 Bf5 23. Ng5 Qc7 24. Rac1 Rxd1+ 25. Rxd1 Re8 26. e4 Bg4 27. f3 Be6
28. Nxe6 Qb6+ 29. Kg2 Qxe6 30. Qxe6 Rxe6 31. Rd7 Ra6 32. a4 Rb6 33. Rd3 Kf8 34.
f4 h5 35. Kf3 Ke7 36. h3 Ke6 37. g4 hxg4+ 38. hxg4 Rc6 39. e5 Rb6 40. Ke3 Rb4
41. Kf3 Rb6 42. Rc3 Rb4 43. Rd3 Rb6 44. Kg3 f6 45. exf6 Kxf6 46. Re3 Rb4 47. g5+
Kf7 48. Kg4 Rd4 49. Re5 a6 50. Re3 Rb4 51. Rh3 Kg7 52. Rd3 Kf7 53. Kf3 Ke6 54.
Re3+ Kf7 55. Kg4 Kf8 56. Re6 Kf7 57. Re3 Kf8 58. Rc3 Kf7 59. Rc7+ Kf8 60. Rc8+
1/2-1/2